Moral issues in business /

This book is divided into four parts: Moral Philosophy and Business; American Business and Its Basis; The Organization and the People in It; and Business and Society.

Spremljeno u:
Bibliografski detalji
Glavni autor: Shaw, William H., 1948-
Daljnji autori: Barry, Vincent.
Format: Knjiga
Jezik:English
Izdano: Belmont, CA : Wadsworth, 2001.
Izdanje:8th ed.
Teme:
Oznake: Dodaj oznaku
Bez oznaka, Budi prvi tko označuje ovaj zapis!
Thư viện lưu trữ: Mạng thư viện Đại học Đà Nẵng
LEADER 01074cam a2200361 i 4500
001 000047414
003 7088
005 20030307145921.0
008 010323|2001 vm 000 eng
020 |a 053453595X 
040 |a IRC  |c IRC  |d IRC 
041 0 |a eng 
082 1 4 |a 174.4  |b SH-W 
100 1 |a Shaw, William H.,  |d 1948- 
245 0 0 |a Moral issues in business /  |c William H. Shaw, Vincent Barry. 
250 |a 8th ed. 
260 |a Belmont, CA :  |b Wadsworth,  |c 2001. 
300 |a 600 p. ;  |c 23.5cm. 
520 3 |a This book is divided into four parts: Moral Philosophy and Business; American Business and Its Basis; The Organization and the People in It; and Business and Society. 
630 0 4 |a Business ethics. 
650 0 4 |a Business ethics. 
650 0 4 |a Business ethics  |x Case studies. 
700 1 |a Barry, Vincent. 
OWN |a DUT 
999 |a From the UDN01 
TYP |a Monograph 
TYP |a Printed language 
980 |a Mạng thư viện Đại học Đà Nẵng